Простейшие измерения на местности

Bibliographische Detailangaben
1. Verfasser: Ганьшин В. Н. Владимир Николаевич
Sprache:Russisch
Veröffentlicht: Москва, Недра, 1973
Ausgabe:2-е изд., испр. и доп.
Schlagworte:
Format: Buch
KOHA link:https://koha.lib.tpu.ru/cgi-bin/koha/opac-detail.pl?biblionumber=237941

MARC

LEADER 00000nam0a2200000 4500
001 237941
005 20231101231555.0
035 |a (RuTPU)RU\TPU\book\259122 
090 |a 237941 
100 |a 20130520d1973 m y0rusy50 ca 
101 0 |a rus 
102 |a RU 
105 |a a z 000zy 
200 1 |a Простейшие измерения на местности  |f В. Н. Ганьшин 
205 |a 2-е изд., испр. и доп. 
210 |a Москва  |c Недра  |d 1973 
215 |a 144 с.  |c ил. 
606 1 |a Топография  |2 stltpush  |3 (RuTPU)RU\TPU\subj\60984  |9 78201 
610 1 |a местность 
610 1 |a измерения 
610 1 |a углы 
610 1 |a линии 
610 1 |a расстояния 
610 1 |a методы 
610 1 |a приборы 
610 1 |a съемка 
610 1 |a азимуты 
610 1 |a определение 
675 |a 528.4  |v 3 
700 1 |a Ганьшин  |b В. Н.  |g Владимир Николаевич 
801 1 |a RU  |b 63413507  |c 20130520 
801 2 |a RU  |b 63413507  |c 20200810  |g RCR 
942 |c BK